000
00272nam a22001097a 4500
008
160519b xxu||||| |||| 00| 0 eng d
020
_a
072164547X
041
_a
eng
080
_a
577
245
_a
Textbook of biochemistry;
_c
Abraham Mazur; Benjamin Harrow;
942
_2
udc
_c
BK
999
_c
2234
_d
2234